HOMAGE TO THE SERVICE TREE/ (Record no. 200769)

MARC details
000 -LEADER
fixed length control field 00637nam a22002057a 4500
005 - DATE AND TIME OF LATEST TRANSACTION
control field 20240215123007.0
010 ## - LCCN (DPL NO)
LC control number ENG-139291 EN-122823
020 ## - INTERNATIONAL STANDARD BOOK NUMBER
Terms of availability 525.00
International Standard Book Number 9788170589877
035 ## - SYSTEM CONTROL NUMBER
System control number ENG-139291
035 ## - SYSTEM CONTROL NUMBER
System control number EN-122823
037 ## - SOURCE OF ACQUISITION
Source of stock number/acquisition SRI/PUB
082 ## - DEWEY DECIMAL CLASSIFICATION NUMBER
Classification number 582.16
245 ## - TITLE STATEMENT
Title HOMAGE TO THE SERVICE TREE/
250 ## - EDITION STATEMENT
Edition statement 1
Remainder of edition statement 2012
260 ## - PUBLICATION, DISTRIBUTION, ETC. (IMPRINT)
Place of publication, distribution, etc INDIA
Name of publisher, distributor, etc SRI AUROBINDO ASHRAM PUBLICATION DEPARTMENT
Date of publication, distribution, etc 2012
270 ## - ADDRESS
City PONDICHERRY
Address SRI AUROBINDO ASHRAM PRESS, PONDICHERRY INDIA
300 ## - PHYSICAL DESCRIPTION
Extent 73p.
Dimensions 23cm(pb)
500 ## - GENERAL NOTE
General note Principles, Concepts, and Applications What, Why and How
942 ## - ADDED ENTRY ELEMENTS (KOHA)
Source of classification or shelving scheme Dewey Decimal Classification
Item type English Books
Classification part 582.16
Edition 1
Holdings
Withdrawn status Lost status Not for loan Collection code Home library Current library Date acquired Source of acquisition Cost, normal purchase price Full call number Barcode Copy number Cost, replacement price Koha item type
    Not For Loan Reference Sarojini Nagar Sarojini Nagar 15/02/2024 DBAD/PUB 525.00 582.16 HOM EN-122823 1 525.00 English Books

© Delhi Public Library
Hit Counter
free hit counter